Internal Control System of Insurance Companies Under Regulation Solvency II

Regulácia systému vnútornej kontroly podľa Solventnosti II. Systém vnútornej kontroly vybraných poisťovní v SR: Allianz - Slovenská poisťovňa, a. s., KOOPERATIVA poisťovňa, a. s. Vienna Insurance Group, Generali poisťovňa, a. s.

Saved in:
Bibliographic Details
Main Author: Krátka, Zuzana, 1968-
Format: Book Chapter
Language:Slovak
Subjects:
Tags: Add Tag
No Tags, Be the first to tag this record!

MARC

LEADER 00000naa$a2200000$$$4500
001 0250329
005 20240502074018.3
041 0 |a slo 
044 |a SK 
245 1 0 |a Internal Control System of Insurance Companies Under Regulation Solvency II  |c Zuzana Krátka 
520 |a Regulácia systému vnútornej kontroly podľa Solventnosti II. Systém vnútornej kontroly vybraných poisťovní v SR: Allianz - Slovenská poisťovňa, a. s., KOOPERATIVA poisťovňa, a. s. Vienna Insurance Group, Generali poisťovňa, a. s. 
610 2 0 |a poisťovníctvo 
610 2 0 |a poisťovne 
610 2 0 |a regulácia 
610 2 0 |a kontrola vnútorná 
610 2 0 |a Slovensko 
100 1 |a Krátka, Zuzana, 1968-